000 00466nam a2200181Ia 4500
008 240925s9999 xx 000 0 und d
020 _a9789380027814
082 _a621.38275 KAT
100 _aKatiyar, Sapna
245 0 _aOptical Fiber Communication
250 _a2nd
260 _aNew Delhi:
_bS. K. Kataria
_c,2009.
300 _a484p.
_bN.A
_fOriginal
500 _aIncludes Index
600 _aElectronic Engineering
650 _aTechnology
942 _cBK
999 _c11131
_d11131